Statistics for US States That Kill The Most Animals For Meat

Click here to take the quiz!

General Stats

  • This quiz has been taken 31 times
  • The average score is 7 of 10

Answer Stats

% US ProductionAnswer% Correct
8.6Texas
89%
8.7Nebraska
82%
6.7Iowa
75%
6.3Kansas
71%
7.5North Carolina
68%
4.3Alabama
64%
3.7Missouri
61%
5.5Georgia
54%
4.6Arkansas
54%
4.0Minnesota
50%

Score Distribution

Percentile by Number Answered

Percent of People with Each Score

Your Score History

You have not taken this quiz